| 000 | 01031nam a2200301 i 4500 | ||
|---|---|---|---|
| 001 | bg | ||
| 003 | BPK | ||
| 005 | 20201027124110.0 | ||
| 008 | 970513s1991 pl e 001 0 pol | ||
| 015 | _aPB 37/92 | ||
| 020 | _a8320807034 | ||
| 040 |
_aWA N _cBPK |
||
| 080 | _a336 | ||
| 080 | _a(03) | ||
| 245 | 0 | 0 |
_aLeksykon finansowo-bankowy / _ckom. red. Władysław Jaworski - przewodn. [et al. ; aut. haseł Iwona Antowska-Bartosiewicz et al.]. |
| 260 |
_aWarszawa : _bPaństwowe Wydawnictwo Ekonomiczne, _c1991. |
||
| 300 |
_a558, [2] s. ; _c21 cm. |
||
| 500 | _aAut. haseł na s. 9-10. | ||
| 504 | _aIndeks. | ||
| 650 | 4 | _aFinanse | |
| 655 | 4 | _aEncyklopedia | |
| 650 | 4 | _aBanki | |
| 700 | 1 | _aAntowska-Bartosiewicz, Iwona. | |
| 710 | 2 |
_aPaństwowe Wydawnictwo Ekonomiczne _4pbl. |
|
| 700 | 1 |
_aJaworski, Władysław Leopold _d(1929-2017) _eRedakcja |
|
| 942 |
_2UKD _cKS |
||
| 856 |
_uhttp://koha.tu.koszalin.pl/cgi-bin/koha/opac-detail.pl?biblionumber=52804 _yKatalog online BPK |
||
| 999 |
_c52804 _d52804 |
||